=LDR 00000nam 2200000 4500 =001 INLIS000000000035911 =005 20130612141730 =008 ***********************************ind** =035 ##$$0010-061300000035911 =041 ##$$a ind =082 ##$$a 658 =090 ##$$a 658, Put =100 ##$$a Putti, Joseph M =245 ##$$a A managers primer on performance apprasisal concept =260 ##$$a singapore institue of management $b singapore =300 ##$$a 89 hlm, ilus, 22 cm =850 ##$$a NBPNMAT